<?xml version="1.0" encoding="UTF-8"?>
<record
    xmlns:xsi="http://www.w3.org/2001/XMLSchema-instance"
    xsi:schemaLocation="http://www.loc.gov/MARC21/slim http://www.loc.gov/standards/marcxml/schema/MARC21slim.xsd"
    xmlns="http://www.loc.gov/MARC21/slim">

  <leader>00980naa a2200157 i 4500</leader>
  <controlfield tag="001">9787</controlfield>
  <controlfield tag="003">KOSZ 005</controlfield>
  <controlfield tag="005">20180410131754.0</controlfield>
  <controlfield tag="008">151212s2011    pl  n  f     |000  0pol</controlfield>
  <datafield tag="040" ind1=" " ind2=" ">
    <subfield code="c">BPK</subfield>
    <subfield code="d">KOSZ 005/EG</subfield>
  </datafield>
  <datafield tag="100" ind1="1" ind2=" ">
    <subfield code="a">BOCEWICZ, Grzegorz.</subfield>
    <subfield code="d">2006 - .</subfield>
    <subfield code="b">Politechnika Koszali&#x144;ska - Wydzia&#x142; Elektroniki i Informatyki,</subfield>
    <subfield code="c">Zak&#x142;ad Podstaw Informatyki i Zarz&#x105;dzania</subfield>
  </datafield>
  <datafield tag="245" ind1="1" ind2="0">
    <subfield code="a">Integracja zada&#x144; planowania dzia&#x142;a&#x144; i wariantowania struktury wielorobotowego zespo&#x142;u mobilnych robot&#xF3;w inspekcyjnych :</subfield>
    <subfield code="b">model deklaratywny /</subfield>
    <subfield code="c">Grzegorz Bocewicz, Robert W&#xF3;jcik, Zbigniew Banaszak.</subfield>
  </datafield>
  <datafield tag="700" ind1="1" ind2=" ">
    <subfield code="a">BANASZAK, Zbigniew.</subfield>
    <subfield code="b">Politechnika Koszali&#x144;ska - Wydzia&#x142; Elektroniki i Informatyki,</subfield>
    <subfield code="c">Katedra Telekomunikacji</subfield>
    <subfield code="d">2003 - .</subfield>
  </datafield>
  <datafield tag="773" ind1="0" ind2=" ">
    <subfield code="i">W :</subfield>
    <subfield code="t">Projektowanie, analiza i implementacja system&#xF3;w czasu rzeczywistego : praca zbiorowa / pod red. Leszka Trybusa i S&#x142;awomira Samoleja. -</subfield>
    <subfield code="d">Warszawa : Wydawnictwa Komunikacji i &#x141;&#x105;czno&#x15B;ci, 2011. -</subfield>
    <subfield code="g">s. 375-386</subfield>
  </datafield>
  <datafield tag="942" ind1=" " ind2=" ">
    <subfield code="c">ROZ</subfield>
    <subfield code="2">UKD</subfield>
  </datafield>
  <datafield tag="999" ind1=" " ind2=" ">
    <subfield code="c">9787</subfield>
    <subfield code="d">9787</subfield>
  </datafield>
</record>
